header

Responding to banking crises (Record no. 215546)

MARC details
000 -LEADER
fixed length control field 01249nam a2200313Ia 4500
100 1# - MAIN ENTRY--AUTHOR NAME
Personal name Detragiache, Enrica.
245 10 - TITLE STATEMENT
Title Responding to banking crises
260 ## - PUBLICATION, DISTRIBUTION, ETC. (IMPRINT)
Place of publication [Washington, D.C.] :
Name of publisher International Monetary Fund,
Year of publication 2010.
300 ## - PHYSICAL DESCRIPTION
Number of Pages 31 p.
490 1# - SERIES STATEMENT
Series statement IMF working paper ;
650 #0 - SUBJECT ADDED ENTRY--TOPICAL TERM
Topical Term Financial crises.
Topical Term Banks and banking.
700 1# - ADDED ENTRY--PERSONAL NAME
Personal name Ho, Giang.
856 40 - ELECTRONIC LOCATION AND ACCESS
Uniform Resource Identifier http://site.ebrary.com/lib/rucke/Doc?id=10364810

No items available.

© 2026 Rongo University
Contact us: librarian | system librarian | Rongo university